| 000 | 00712nam a22002412a 4500 | ||
|---|---|---|---|
| 999 |
_c4292 _d4292 |
||
| 001 | 4292 | ||
| 003 | BD-JhCC | ||
| 005 | 20171125201928.0 | ||
| 008 | 500101s1962 enka 000 0 eng d | ||
| 035 | _a(BD-JhCC)4292 | ||
| 040 |
_aDLC _cEEM _dSER _dUKM _dEQO _dBD-JhCC |
||
| 041 | _aeng | ||
| 050 | 0 |
_aPE1385 _b.B692 1962 |
|
| 082 |
_a422 _a823.914 _bBRO 1962 |
||
| 100 | 1 |
_aBrown, Ivor John Carnegie, _d1891-1974 |
|
| 245 | 1 | 0 |
_aMind your language! / _c[By] Ivor Brown. Illustrated by Derek Cousins |
| 260 |
_aLondon : _bBodley Head, _c1962. |
||
| 300 |
_a153 p. : _billus. ; _c20 cm. |
||
| 650 | 0 |
_aEnglish language _xWords _xHistory |
|
| 650 | 0 |
_aEnglish language _xSemantics |
|
| 942 |
_2ddc _cBK |
||